| 000 | 00641nam a2200193Ia 4500 | ||
|---|---|---|---|
| 005 | 20260120132015.0 | ||
| 008 | 008 260114s9999 xx 000 0 eng d | ||
| 020 | _a9781383003536 | ||
| 037 | _aEBOOK | ||
| 040 |
_aCRL _beng _cCRL |
||
| 041 |
_aeng _2eng |
||
| 084 | _qCRL | ||
| 100 |
_aHarper _9933821 |
||
| 245 | 4 | _aThe Forms and Orders of Western Liturgy from the Tenth to the Eighteenth Century: A Historical Introduction and Guide for Students and Musicians | |
| 260 |
_bOxford University PressOxford University Press _c2023 |
||
| 856 | _uhttps://academic.oup.com/book/49313 | ||
| 942 | _cEBOOK | ||
| 999 |
_c1525744 _d1525744 |
||